Statistiken für Städte und Gemeinden Landkreis Germersheim

Klicken Sie hier um das Quiz zu spielen!

Allgemein

  • Dieses Quiz wurde 9 mal gespielt
  • Das Durchschnittsergebnis liegt bei 14 aus 31

Antwortstatistiken

HintAntwort% Korrekt
---Germersheim
89%
KandelKandel
89%
BellheimBellheim
78%
HagenbachHagenbach
78%
JockgrimJockgrim
78%
RülzheimRülzheim
78%
---Wörth
78%
LingenfeldLingenfeld
67%
Hagenbach
Berg
56%
HagenbachNeuburg
56%
JockgrimRheinzabern
56%
KandelFreckenfeld
44%
KandelMinfeld
44%
JockgrimNeupotz
44%
KandelSteinweiler
44%
KandelWinden
44%
KandelErlenbach
33%
RülzheimHördt
33%
RülzheimLeimersheim
33%
LingenfeldLustadt
33%
HagenbachScheibenhardt
33%
LingenfeldSchwegenheim
33%
LingenfeldWestheim
33%
LingenfeldFreisbach
22%
JockgrimHatzenbühl
22%
BellheimKnittelsheim
22%
RülzheimKuhardt
22%
BellheimOttersheim
22%
KandelVollmersweiler
22%
LingenfeldWeingarten
22%
BellheimZeiskam
22%

Verteilung der Resultate

Perzentil nach korrekt beantworteten Fragen

Anzahl Personen mit jedem Resultat

Ihre Resultats-Entwicklung

Sie haben dieses Quiz noch nicht gespielt